Danzigs Beziehungen zu Frankreich

Titel: Danzigs Beziehungen zu Frankreich
Verfasser:
In: Westpreußischer Geschichtsverein: Zeitschrift des Westpreußischen Geschichtsvereins, Band 5 (1881), Seite 23-53
alle Artikel anzeigen
Veröffentlicht: 1881
Format: Aufsatz
Sprache: Polnisch
Kein Bild verfügbar
X
alg: 39257889
001A    $01999:11-11-16 
001B    $01999:28-04-17 $t15:06:22.000 
001C    $06050:19-11-16 $t08:46:34.000 
001D    $01999:11-11-16 
001U    $0utf8 
001X    $00 
002@    $0Aox 
003@    $0392578891 
007A    $0392578891 $aHEB 
007T    $0Herda23839h 
010@    $apol 
011@    $a1881 
021A    $aDanzigs Beziehungen zu Frankreich 
028A    $aDamus $dRudolf 
031A    $d5 $h23-53 $j1881 
039B    $aIn $8--Abvc--Westpreußischer Geschichtsverein [Tb1]. Zeitschrift des Westpreußischen Geschichtsvereins. - Danzig : Danziger Verl.-Ges., 1880-1941 $x188100000050000977 $9047259124 
045T    $a9,10 

lok: 39257889 78

exp: 39257889 78 1 #EPN
201B/01 $019-04-17 $t11:23:08.000 
201U/01 $0utf8 
203@/01 $0788677020 
208@/01 $a11-11-16 $be 
209A/01 $a/ $f000 $x00 
244Z/01 $2Trx $8--Trx--Zeitschriftenaufsatz $x01 $9391384341 
247C/01 $82080>Marburg/Lahn, Herder-Institut, Forschungsbibliothek, Bibliographieportal $9336309341
LEADER 00000caa a22000002c 4500
001 392578891
003 DE-603
005 20170428150622.0
007 tu
008 161111s1881 xx |||| | u00||u|pol c
035 |a (DE-599)HEB392578891 
040 |a DE-603  |b ger  |c DE-603  |d DE-603 
041 |a pol 
084 |a 9,10  |2 ssgn 
100 1 |a Damus, Rudolf 
245 0 0 |a Danzigs Beziehungen zu Frankreich 
264 0 |c 1881 
773 0 8 |i In  |a Westpreußischer Geschichtsverein  |t Zeitschrift des Westpreußischen Geschichtsvereins  |d Danzig : Danziger Verl.-Ges., 1880-1941  |g Band 5 (1881), Seite 23-53  |w (DE-603)047259124  |w (DE-600)201424-5 
924 0 |9 2080  |a (DE-603)788677020  |b DE-2080  |c HES  |d d  |g /